| 000 -LEADER |
| fixed length control field |
00718cam a2200217 a 4500 |
| 020 ## - INTERNATIONAL STANDARD BOOK NUMBER |
| ISBN |
089629207X (pbk. : alk. paper) |
| 040 ## - CATALOGING SOURCE |
| Transcribing agency |
DNAL |
| 082 00 - DEWEY DECIMAL CLASSIFICATION NUMBER |
| Classification number |
338 SOC 2013 C077 Or. |
| 245 00 - TITLE STATEMENT |
| Title |
Socioeconomic considerations in biosafety decisionmaking : |
| Remainder of title |
methods and implementation / |
| 260 ## - PUBLICATION, DISTRIBUTION, ETC. (IMPRINT) |
| Place of publication |
Washington, DC : |
| Name of publisher |
International Food Policy Research Institute, |
| Year of publication |
c2013. |
| 300 ## - PHYSICAL DESCRIPTION |
| Number of Pages |
xiv, 212 p. : |
| Other physical details |
ill. ; |
| Dimensions |
23 cm. |
| 650 #0 - SUBJECT ADDED ENTRY--TOPICAL TERM |
| Topical Term |
Cotton |
| 650 #0 - SUBJECT ADDED ENTRY--TOPICAL TERM |
| Topical Term |
Cotton |
| 650 #0 - SUBJECT ADDED ENTRY--TOPICAL TERM |
| Topical Term |
Cotton |
| 650 #0 - SUBJECT ADDED ENTRY--TOPICAL TERM |
| Topical Term |
Transgenic plants |
| 700 1# - ADDED ENTRY--PERSONAL NAME |
| Personal name |
Horna Rodríguez, Julia Daniela. |
| 700 1# - ADDED ENTRY--PERSONAL NAME |
| Personal name |
Zambrano, Patricia. |
| 700 1# - ADDED ENTRY--PERSONAL NAME |
| Personal name |
Falck-Zepeda, José Benjamin. |
| 710 2# - ADDED ENTRY--CORPORATE NAME |
| Corporate name or jurisdiction name as entry element |
International Food Policy Research Institute. |
| 942 ## - ADDED ENTRY ELEMENTS (KOHA) |
| Koha item type |
ADB |
| 952 ## - LOCATION AND ITEM INFORMATION (KOHA) |
| Withdrawn status [LOCAL, KOHA] |
0 |